00577nam a2200145Ia 4500008004100000020002200041100002900063245007800092260004900170300002800219650001900247650001500266999001900281952013100300200907s9999 xx 000 0 und d a978-971-98-1103-9 aGo-Monilla, Ma. Joycelyn cMa. Joycelyn A. Go-Monilla, Normaliza C. RamirezaUnderstanding the self/ aQuezon City:bC and E Publishing, Inc.c2018 axiii, 250 pagesc22 cm. aHuman behavior aPsychology c364076d364076 001040aCLbCLcFILd2020-09-07eLibrary Fundl1m1oBF 199 .G6 2018pC22255r2022-12-20 00:00:00s2022-09-05w2020-09-07yBK